000 00566nam a2200181Ia 4500
008 090124s9999 xx 000 0 und d
082 _b20578
100 _aकेळकर न. चि.
245 _a फ्रेंच राज्यक्रांति
250 _a2
260 _c1962
300 _a175
600 _aकेळकर न. चि.
630 _a फ्रेंच राज्यक्रांति
700 _aकेळकर न. चि.
730 _a फ्रेंच राज्यक्रांति
942 _cBOOK
999 _c134382
_d134382